الكنائس القبطية القديمة فى مصر / (Record no. 15741)
[ view plain ]
| 000 -الفاتح | |
|---|---|
| حقل البيانات ثابتة الطول | 01011nam a22002177a 4500 |
| 008 - عناصر البيانات ثابتة الطول - معلومات عامة | |
| حقل البيانات ثابتة الطول | 110726s1993 xxu||||| |||| 00| 0 ara d |
| 020 ## - الرقم الدولى المعيارى للكتب | |
| الرقم الدولى المعيارى للكتاب | 9770134783 |
| 082 ## - رقم تصنيف ديوى العشرى | |
| رقم الطبعة | 22 |
| رقم التصنيف | 281.72 |
| رقم المادة | ب ت ل |
| 100 1# - المدخل الرئيسى - إسم شخصى | |
| 9 (RLIN) | 26437 |
| الإسم الشخصى | بتلر . ج ، ألفريد |
| 245 ## - بيان العنوان | |
| العنوان | الكنائس القبطية القديمة فى مصر / |
| بيان المسئوليه,etc | ألفريد.ج . بتلر ؛ ترجمة إبراهيم سلامة إبراهيم ؛ مراجعة وتقديم نيافة الأنبا غريغوريوس |
| 260 ## - PUBLICATION, DISTRIBUTION, ETC. (IMPRINT) | |
| مكان الناشر او الموزع | القاهرة : |
| اسم الناشر او الموزع | الهيئة المصرية العامة للكتاب ، |
| تاريخ النشر أو التوزيع | 1993. |
| 300 ## - الوصف المادى | |
| التعداد | 215 ص : |
| تفاصيل ماديه اخرى للوعاء | ايض ؛ |
| أبعاد الوعاء | 24 سم. |
| 504 ## - تبصرة ببليوجرافية | |
| تبصرة ببليوجرافية,الخ | يشتمل على إرجاعات ببليوجرافية |
| 650 ## - المدخل الاضافى بالموضوع-مصطلح موضوعى | |
| 9 (RLIN) | 26438 |
| مصطلح موضوعي أو اسم جغرافي كعنصر مدخل | الأقباط |
| 650 ## - المدخل الاضافى بالموضوع-مصطلح موضوعى | |
| 9 (RLIN) | 22212 |
| مصطلح موضوعي أو اسم جغرافي كعنصر مدخل | الكنائس |
| التقسيم الفرعي الجغرافي | مصر |
| 650 ## - المدخل الاضافى بالموضوع-مصطلح موضوعى | |
| 9 (RLIN) | 26439 |
| مصطلح موضوعي أو اسم جغرافي كعنصر مدخل | الكنائس |
| التقسيم الفرعي العام | تاريخ |
| 653 ## - مصطلح تكشيفى غير مقيد | |
| Resource For college | |
| Arrived date list | July2011 |
| 700 ## - المدخل الاضافى - اسم شخصى | |
| 9 (RLIN) | 22025 |
| الإسم الشخصى | إبراهيم ، إبراهيم سلامة |
| الدور | ترجمة |
| 700 ## - المدخل الاضافى - اسم شخصى | |
| 9 (RLIN) | 26441 |
| الإسم الشخصى | غريغوريوس |
| الدور | مراجعة وتقديم |
| 942 ## - عناصر المدخل الإضافي( كوها) | |
| مصدر التصنيف او مخطط الترفيف | Dewey Decimal Classification |
| Koha [default] item type | Book - Borrowing |
| حالة التراجع | حالة الفقد | مصدر التصنيف او خطة الترفيف | حالة تلف | ليس للاعارة | مجموعات كوها | المكان الدائم | المكان الحالي | موقع الترفيف | تاريخ الاكتساب | Source of acquisition | رقم الاستدعاء | الباركود | Date last seen | نوع الوعاء |
|---|---|---|---|---|---|---|---|---|---|---|---|---|---|---|
| Dewey Decimal Classification | Alef-Baa | Central Library | Central Library | Lower Floor | 26/07/2011 | 281.72 ب ت ل | 000023948 | 15/07/2025 | Book - Borrowing |